|
|
|
|
| LEADER |
00000cam a22000004a 4500 |
| 001 |
musev2_3825 |
| 003 |
MdBmJHUP |
| 005 |
20230905040456.0 |
| 006 |
m o d |
| 007 |
cr||||||||nn|n |
| 008 |
930624r19931975cou o 00 0 eng d |
| 010 |
|
|
|z 93170542
|
| 020 |
|
|
|a 9781607321217
|
| 020 |
|
|
|z 9780870812934
|
| 035 |
|
|
|a (OCoLC)42329265
|
| 040 |
|
|
|a MdBmJHUP
|c MdBmJHUP
|
| 043 |
|
|
|a n-usp--
|
| 050 |
0 |
4 |
|a F596
|b .C8735 1993
|
| 082 |
0 |
|
|a 978
|2 20
|
| 245 |
0 |
0 |
|a Cowboy Life :
|b Reconstructing an American Myth /
|c edited and with a new preface and afterword by William W. Savage, Jr.
|
| 264 |
|
1 |
|a Niwot, Colo. :
|b University Press of Colorado,
|c 1993.
|
| 264 |
|
3 |
|a Baltimore, Md. :
|b Project MUSE,
|c 2012
|
| 264 |
|
4 |
|c ©1993.
|
| 300 |
|
|
|a 1 online resource (227 pages):
|b ill. ;
|
| 336 |
|
|
|a text
|b txt
|2 rdacontent
|
| 337 |
|
|
|a computer
|b c
|2 rdamedia
|
| 338 |
|
|
|a online resource
|b cr
|2 rdacarrier
|
| 500 |
|
|
|a Originally published: Norman : University of Oklahoma Press, 1975.
|
| 504 |
|
|
|a Includes bibliographical references.
|
| 588 |
|
|
|a Description based on print version record.
|
| 650 |
|
0 |
|a Cowboys
|z West (U.S.)
|
| 655 |
|
7 |
|a Electronic books.
|2 local
|
| 700 |
1 |
|
|a Savage, William W.
|
| 710 |
2 |
|
|a Project Muse.
|e distributor
|
| 830 |
|
0 |
|a Book collections on Project MUSE.
|
| 856 |
4 |
0 |
|z Texto completo
|u https://projectmuse.uam.elogim.com/book/3825/
|
| 945 |
|
|
|a Project MUSE - Custom Collection
|
| 945 |
|
|
|a Project MUSE - Archive Complete Foundation
|
| 945 |
|
|
|a Project MUSE - Archive History Foundation
|